000 00816nam a22002417a 4500
001 100021
003 UA-OsUOA
005 20251229155936.0
007 ta
008 20130521b un ||||| |||| 00| 0 ukr d
040 _aUA-OsUOA
_brus
_cUA-OsUOA
_dUA-OsUOA
041 _arus
080 _a821.161.1
090 _a821.161.1
_bТ53
100 _aТолстой Л.
_923003
245 _aАнна Каренина
_bроман в восьми частях
_cЛ. Толстой
_nЧ. 5–8
260 _aМ.
_bХудожественная литература
_c1960
300 _a412 с.
650 7 _a821 Художня література окремими мовами і мовними сім'ями
_2UDC
_917
942 _cBK
_2udc
955 _a3
999 _c386266
_d386266